| 000 | 02256nam a2200433 i 4500 | ||
|---|---|---|---|
| 001 | 193577 | ||
| 003 | SpMaBN | ||
| 005 | 20250807063226.0 | ||
| 007 | ta | ||
| 008 | 210603e2021 sp a | ||||o000 0bspa | ||
| 017 |
_aM 15459-2021 _bOficina Depósito Legal Madrid |
||
| 020 | _a978-84-451-3917-2 | ||
| 035 | _a(OCoLC)1255606579 | ||
| 040 |
_aSpMaBN _bspa _cSpMaBN _erda |
||
| 080 | _a929 Pardo Bazán, Emilia, Condesa de (083.824) | ||
| 080 | _a821.134.2 Pardo Bazán, Emilia, Condesa de 1.07(083.824) | ||
| 245 | 0 | 0 |
_aEmilia Pardo Bazán : _bel reto de la modernidad / _ccomisaria, Isabel Burdiel |
| 264 | 1 |
_a[Madrid] : _bComunidad de Madrid : _bBiblioteca Nacional de España, _c[2021] |
|
| 300 |
_a325 páginas : _bilustraciones (blanco y negro y color) ; _c24 cm |
||
| 336 |
_aTexto _aImagen fija _2rdacontent |
||
| 337 |
_asin mediación _2rdamedia |
||
| 338 |
_avolumen _2rdacarrier |
||
| 504 | _aReferencias bibliográficas | ||
| 520 | _aCatálogo de la exposición del mismo título realizada del 9 junio de 2021 al 26 de septiembre de 2021 en la Biblioteca Nacional de España, y del 22 de octubre al 18 de diciembre de 2021 en el Kiosco Alfonso de La Coruña. Ilustrado con abundantes fotografías, recoge todas las facetas de una de las escritoras más importantes y versátiles de su generación | ||
| 546 | _aTexto en español y gallego | ||
| 585 | _aExposición: Biblioteca Nacional de España, Madrid, del 8 de junio al 26 de septiembre de 2021; Kiosco Alfonso, A Coruña, del 22 de octubre al 18 de diciembre de 2021 | ||
| 600 | 1 | 4 |
_aPardo Bazán, Emilia, _cCondesa de, _d1851-1921- _vExposiciones _9241418 |
| 655 | 7 |
_aCatálogos de exposiciones _2tgfbne _9193628 |
|
| 700 | 1 |
_aBurdiel, Isabel, _d1958- _eorm _932597 |
|
| 710 | 2 |
_aBiblioteca Nacional de España _ehis _eedt _9234950 |
|
| 710 | 2 |
_aPalacio Municipal de Exposiciones Kiosco Alfonso (La Coruña) _ehis _9241419 |
|
| 710 | 1 |
_aMadrid (Comunidad Autónoma) _eedt _95587 |
|
| 852 |
_aES-MaACL _bR. 154928 _cDEPOJ _hDonación Biblioteca Nacional de España _jN-9585 _xCartoné _9201040 |
||
| 942 |
_n0 _cMONOGRAFIA |
||
| 999 |
_c193577 _d193577 |
||